|
|
|
|
| LEADER |
00913nam a2200265 a 4500 |
| 001 |
3089752 |
| 008 |
110125s2001 nyua 001 0 eng d |
| 010 |
|
|
|a 98039587
|
| 020 |
|
|
|a 0071183248
|
| 020 |
|
|
|a 0028043863 (student text : alk. paper)
|
| 040 |
|
|
|a DLC
|c DLC
|d DLC
|d BD-DhAAL
|
| 082 |
0 |
0 |
|a 004
|2 21
|
| 100 |
1 |
|
|a Norton, Peter,
|d 1943-
|
| 240 |
1 |
0 |
|a Introduction to computers
|
| 245 |
1 |
0 |
|a Peter Norton's introduction to computers /
|c Peter Norton
|
| 250 |
|
|
|a 3rd ed.
|
| 260 |
|
|
|a New York :
|b Glencoe/McGraw-Hill,
|c 2001.
|
| 300 |
|
|
|a xxxi, 544 p. :
|b col. ill. ;
|c 28 cm.
|
| 500 |
|
|
|a Includes index.
|
| 541 |
1 |
|
|e 00010494
|
| 650 |
|
0 |
|a Computers.
|
| 650 |
|
0 |
|a Computer software.
|
| 852 |
|
|
|a Ayesha Abed Library
|c General Shelf.
|
| 999 |
|
|
|c 10394
|d 10394
|
| 952 |
|
|
|0 0
|1 0
|2 ddc
|4 0
|6 004_NOR
|7 0
|9 14188
|a BRACUL
|b BRACUL
|c GEN
|d 2011-01-25
|l 23
|m 62
|o 004 NOR
|p 3010010494
|r 2018-01-07
|s 2017-10-08
|t 1
|w 2011-01-25
|y BK
|